Jackass: the movie / (Record no. 22502)

000 -LEADER
fixed length control field 01175nam a2200313 4500
005 - DATE AND TIME OF LATEST TRANSACTION
control field 20260416170427.0
008 - FIXED-LENGTH DATA ELEMENTS--GENERAL INFORMATION
fixed length control field 260415b xxu||||| |||| 00| 0 eng d
040 ## - CATALOGING SOURCE
Transcribing agency Cagayan State University
082 ## - DEWEY DECIMAL CLASSIFICATION NUMBER
Classification number 791.4372
Item number J122 2002
245 ## - TITLE STATEMENT
Title Jackass: the movie /
Statement of responsibility, etc directed by Jeff Tremaine ; written by Jeff Tremaine, Spike Jonze, Johnny Knoxville.
260 ## - PUBLICATION, DISTRIBUTION, ETC. (IMPRINT)
Place of publication, distribution, etc United States :
Name of publisher, distributor, etc Dickhouse Productions, Paramount Pictures,
Date of publication, distribution, etc 2002.
300 ## - PHYSICAL DESCRIPTION
Extent 1 videofile, (ca 85 mins.) :
Other physical details sound, color.
500 ## - GENERAL NOTE
General note Summary derived from IMDb Web site.
520 ## - SUMMARY, ETC.
Summary, etc Johnny Knoxville and his band of maniacs perform a variety of stunts and gross-out gags on the big screen for the first time.
521 ## - TARGET AUDIENCE NOTE
Target audience note Intended for viewers over 17.
546 ## - LANGUAGE NOTE
Language note In English, Japanese, Language.
650 ## - SUBJECT ADDED ENTRY--TOPICAL TERM
Topical term or geographic name as entry element Dark Comedy.
650 ## - SUBJECT ADDED ENTRY--TOPICAL TERM
Topical term or geographic name as entry element Slapstick.
650 ## - SUBJECT ADDED ENTRY--TOPICAL TERM
Topical term or geographic name as entry element Action.
650 ## - SUBJECT ADDED ENTRY--TOPICAL TERM
Topical term or geographic name as entry element Comedy.
650 ## - SUBJECT ADDED ENTRY--TOPICAL TERM
Topical term or geographic name as entry element Documentary.
650 ## - SUBJECT ADDED ENTRY--TOPICAL TERM
Topical term or geographic name as entry element Reality TV.
700 ## - ADDED ENTRY--PERSONAL NAME
Personal name Tremaine, Jeff, director and writer.
700 ## - ADDED ENTRY--PERSONAL NAME
Personal name Jonze, Spike, writer.
700 ## - ADDED ENTRY--PERSONAL NAME
Personal name Knoxville, Johnny, writer and actor.
700 ## - ADDED ENTRY--PERSONAL NAME
Personal name Margera, Bam, actor.
700 ## - ADDED ENTRY--PERSONAL NAME
Personal name Pontius, Chris, actor.
942 ## - ADDED ENTRY ELEMENTS (KOHA)
Source of classification or shelving scheme
Item type Audio-Visual Materials
Holdings
Source of acquisition Price effective from Permanent location Date last seen Not for loan Date acquired Source of classification or shelving scheme Koha item type Collection code Shelving location Damaged status Lost status Withdrawn status Current location Full call number
Donations2026-04-15Cagayan State University - Carig Library2026-04-15 2026-04-15 Audio-Visual MaterialsElectronic Media CenterAudio Visual   Cagayan State University - Carig Library791.4372 J122

Cagayan State University University Library, Carig Campus
Tuguegarao City, Cagayan 3500 | www.csucarig.edu.ph

Powered by Koha